| 000 | 01745nam0a2200421 4500 | ||
|---|---|---|---|
| 001 | RU\NLR\BIBL_A\010009333 | ||
| 005 | 20260608063150.0 | ||
| 010 |
_a978-5-8112-5153-7 _910000 |
||
| 021 |
_aRU _b2016-44462 _92850 |
||
| 021 |
_aRU _b2014-64868 _93953 |
||
| 021 |
_aRU _b2015-66622 _93985 |
||
| 021 |
_aRU _b2016-81478 _95319 |
||
| 021 |
_aRU _b2013-83219 _95754 |
||
| 035 | _a(NILC)RuMoRGB-006682386 | ||
| 035 | _a(NLR Aleph) 010009333 | ||
| 090 |
_a9845261 _c9845261 |
||
| 100 | _a20131202d2013 |||y0rusy50 ca | ||
| 101 | 1 |
_arus _ceng _aeng |
|
| 102 | _aRU | ||
| 105 | _aa|||z|||000ay | ||
| 200 | 1 |
_aАлиса в Стране Чудес _e[пособие на английском языке для учащихся 5-6 классов] _fЛьюис Кэрролл _gадапт. текста, коммент., слов. Г. К. Магидсон-Степановой _gупр. Е. В. Кошмановой |
|
| 210 |
_aМосква _cАйрис-пресс _d2013 |
||
| 215 |
_a189, [1] с. _cил. _d21 |
||
| 225 | 1 |
_aАнглийский клуб _iElementary |
|
| 225 | 1 | _aДомашнее чтение | |
| 333 | _a12+ | ||
| 606 | 1 |
_aАнглийский язык _jУчебные издания _9972309 _3RU\NLR\AUTH\6646032 |
|
| 675 | _a373.167.1:811.111 | ||
| 675 | _a811.111(075.3) | ||
| 686 | 1 | _aШ143.21-93рус91 | |
| 700 | 1 |
_7ca _8rus _aКэрролл _bЛ. _f1832-1898 _gЛьюис _9120364 _3RU\NLR\AUTH\7710596 |
|
| 702 | 1 |
_4010 _8rus _7ca _aМагидсон-Степанова _bГ. К. _gГалина Константиновна _3RU\NLR\AUTH\7711438 _9121184 |
|
| 801 | 0 |
_aRU _bRuMoRKP _c20131014 _gRCR |
|
| 801 | 2 |
_aRU _bРГБ _c20131030 _grcr |
|
| 942 | _cBOOK | ||
| 980 | _aNB | ||